[Event "chess.com SpeedChess Q2Sw"]
[Site "chess.com INT"]
[Date "2022.11.12"]
[Round "5"]
[White "Tan, Zhongyi"]
[Black "Kovalev, Vladislav"]
[Result "1-0"]
[WhiteTitle "GM"]
[BlackTitle "GM"]
[WhiteElo "2514"]
[BlackElo "2623"]
[WhiteFideId "8603642"]
[BlackFideId "13504398"]
[EventDate "2022.11.12"]

1. d4 Nf6 2. c4 e6 3. Nc3 Bb4 4. e3 O-O 5. Bd3 d5 6. Nf3 b6 7. cxd5 exd5 8. O-O
Ba6 9. Bxa6 Nxa6 10. Ne5 Bd6 11. Qe2 Qc8 12. b3 Re8 13. Nc6 Nb8 14. Nxb8 Rxb8
15. Nb5 Qd7 16. Nxd6 Qxd6 17. a4 c6 18. Ba3 Qd7 19. Rac1 Re6 20. Rc2 h5 21. Rfc1
h4 22. Qf3 Rbe8 23. Qf5 g6 24. Qh3 Kg7 25. b4 a6 26. b5 axb5 27. axb5 Rc8 28.
Qxh4 Ne4 29. Qf4 c5 30. dxc5 Qxb5 31. Bb2+ f6 32. Qg4 1-0

[Event "chess.com SpeedChess Q2Sw"]
[Site "chess.com INT"]
[Date "2022.11.12"]
[Round "5"]
[White "Zemlyanskii, Ivan"]
[Black "Daggupati, Balaji"]
[Result "0-1"]
[WhiteTitle "FM"]
[BlackTitle "GM"]
[WhiteElo "2237"]
[BlackElo "2507"]
[WhiteFideId "24249971"]
[BlackFideId "2090759"]
[EventDate "2022.11.12"]

1. d4 d5 2. c4 dxc4 3. e3 Nf6 4. Bxc4 e6 5. Nf3 a6 6. O-O Be7 7. Qe2 b5 8. Bd3
Bb7 9. e4 Nbd7 10. Rd1 c5 11. dxc5 Bxc5 12. Nc3 Ng4 13. Bf4 Nxf2 14. Kf1 Nxd1
15. Rxd1 Qf6 16. Bg5 Qg6 17. e5 Bxf3 18. Qxf3 Qxg5 19. Qxa8+ Ke7 20. Qf3 Qxe5
21. Re1 Qxh2 22. Nd5+ Kd6 23. Nf4 Ne5 24. Qe4 Qg1+ 25. Ke2 Qd4 26. Qb7 Qxf4 27.
Qxa6+ Ke7 28. Qb7+ Nd7 29. Bxb5 Qe5+ 30. Kd1 Qd6+ 31. Kc2 Rb8 0-1

[Event "chess.com SpeedChess Q2Sw"]
[Site "chess.com INT"]
[Date "2022.11.12"]
[Round "5"]
[White "Bok, Benjamin"]
[Black "Dubov, Daniil"]
[Result "0-1"]
[WhiteTitle "GM"]
[BlackTitle "GM"]
[WhiteElo "2618"]
[BlackElo "2708"]
[WhiteFideId "1017063"]
[BlackFideId "24126055"]
[EventDate "2022.11.12"]

1. d4 Nf6 2. c4 e6 3. Nc3 d5 4. cxd5 exd5 5. Bg5 Be7 6. e3 O-O 7. Bd3 Re8 8. h3
c6 9. Qc2 h6 10. Bf4 Bd6 11. Nge2 Bxf4 12. Nxf4 Nbd7 13. O-O-O Nf8 14. g4 Ne6
15. Nxe6 Bxe6 16. Rdg1 c5 17. g5 hxg5 18. Rxg5 cxd4 19. exd4 Ne4 20. Rg2 Qf6 21.
Rhg1 Qf4+ 22. Kb1 g6 23. h4 Qxh4 24. f3 Nxc3+ 25. Qxc3 Rac8 26. Qb4 Bh3 27. Rg3
Rc6 28. Qxb7 Qxg3 29. Rxg3 Re1# 0-1

[Event "chess.com SpeedChess Q2Sw"]
[Site "chess.com INT"]
[Date "2022.11.12"]
[Round "5"]
[White "Fedoseev, Vladimir3"]
[Black "Yeletsky, Ivan"]
[Result "1-0"]
[WhiteTitle "GM"]
[BlackTitle "FM"]
[WhiteElo "2688"]
[BlackElo "2491"]
[WhiteFideId "24130737"]
[BlackFideId "24180327"]
[EventDate "2022.11.12"]

1. Nf3 d5 2. g3 g6 3. Bg2 Bg7 4. O-O e5 5. d3 Ne7 6. c4 dxc4 7. dxc4 Qxd1 8.
Rxd1 e4 9. Nd4 f5 10. Nc3 Bd7 11. Bf4 Na6 12. Rac1 O-O-O 13. Bg5 Rde8 14. Ndb5
Nc6 15. b3 h6 16. Be3 Be6 17. Nd5 Kb8 18. h4 Bf7 19. a3 b6 20. b4 Ne5 21. Bf4
Kb7 22. Ndxc7 Nxc7 23. Nd6+ Kb8 24. Bxe5 Bxe5 25. Nxf7 Rhf8 26. Nxe5 Rxe5 27.
Rd6 Re6 28. Rcd1 Rff6 29. Rd8+ Kb7 30. f3 Re7 31. fxe4 fxe4 32. R1d4 Rfe6 33.
Bh3 Re5 34. Bc8+ 1-0

[Event "chess.com SpeedChess Q2Sw"]
[Site "chess.com INT"]
[Date "2022.11.12"]
[Round "5"]
[White "Ankerst, Mihael"]
[Black "Muradli, Mahammad"]
[Result "1-0"]
[WhiteTitle "FM"]
[BlackTitle "GM"]
[WhiteElo "2370"]
[BlackElo "2540"]
[WhiteFideId "14602369"]
[BlackFideId "13409301"]
[EventDate "2022.11.12"]

1. e4 d6 2. d4 Nf6 3. Nc3 g6 4. f4 Bg7 5. Bc4 O-O 6. e5 dxe5 7. dxe5 Qxd1+ 8.
Kxd1 Ng4 9. Ke2 h5 10. Nf3 Nc6 11. h3 Nh6 12. Be3 a6 13. Rhd1 b5 14. Bb3 Bb7 15.
Bc5 Rfe8 16. Ng5 e6 17. Nge4 h4 18. Nf6+ Bxf6 19. exf6 Rad8 20. Kf2 Nf5 21. a4
b4 22. Ne2 e5 23. c3 bxc3 24. bxc3 e4 25. Be3 Na5 26. Ba2 Rd3 27. Rac1 Nxe3 28.
Re1 Nf5 29. Rc2 e3+ 30. Kg1 Rd2 31. Nd4 Nxd4 32. Rxd2 exd2 33. Rxe8+ Kh7 34.
Bxf7 d1=Q+ 35. Kh2 Nf3+ 36. gxf3 Qxf3 37. Bg8+ Kh6 38. Bd5 Bxd5 39. Rh8# 1-0

[Event "chess.com SpeedChess Q2Sw"]
[Site "chess.com INT"]
[Date "2022.11.12"]
[Round "5"]
[White "Gheorghiu, Calin"]
[Black "Akobian, Varuzhan"]
[Result "0-1"]
[WhiteTitle "FM"]
[BlackTitle "GM"]
[WhiteElo "2300"]
[BlackElo "2591"]
[WhiteFideId "1200305"]
[BlackFideId "13300580"]
[EventDate "2022.11.12"]

1. e4 d6 2. d4 Nf6 3. Nc3 c6 4. f4 Qa5 5. Bd3 e5 6. Nf3 exd4 7. Nxd4 Qb6 8. Bc4
Be7 9. Bb3 O-O 10. Be3 Qc7 11. Qd3 Na6 12. Nf3 b5 13. O-O Nc5 14. Qd4 a5 15. a3
Bb7 16. Ba2 Ng4 17. e5 d5 18. f5 Nxe3 19. Qxe3 Rfe8 20. Rae1 Bf8 21. Ne2 Ne4 22.
c3 b4 23. Bb1 bxc3 24. bxc3 Bxa3 25. Ned4 Bf8 26. Bxe4 dxe4 27. Nd2 Qxe5 0-1

[Event "chess.com SpeedChess Q2Sw"]
[Site "chess.com INT"]
[Date "2022.11.12"]
[Round "5"]
[White "Harsha, Bharathakoti"]
[Black "Yoo, Christopher Woojin"]
[Result "0-1"]
[WhiteTitle "GM"]
[BlackTitle "GM"]
[WhiteElo "2582"]
[BlackElo "2573"]
[WhiteFideId "5078776"]
[BlackFideId "30909694"]
[EventDate "2022.11.12"]

1. e4 c5 2. Nc3 Nc6 3. Bb5 Nd4 4. Nf3 e6 5. O-O a6 6. Bd3 Nc6 7. Re1 g5 8. Rf1
h5 9. Be2 g4 10. Ne1 Bg7 11. d3 b5 12. f4 Bb7 13. Be3 Nd4 14. Qd2 Ne7 15. Nd1 f5
16. c3 Nxe2+ 17. Qxe2 Qc7 18. Bd2 O-O 19. e5 d6 20. exd6 Qxd6 21. Ne3 e5 22. g3
exf4 23. Rxf4 Be5 24. N1g2 Bxf4 25. Nxf4 Ng6 26. Nxh5 Ne5 27. Rf1 Bf3 28. Qe1
Nxd3 29. Qb1 c4 30. Nc2 b4 31. Nd4 bxc3 32. Bxc3 Qc5 33. Qc2 Rad8 34. Qd2 f4 35.
Nxf4 Rxd4 36. Ne6 Nf4 37. Bxd4 Nh3# 0-1

[Event "chess.com SpeedChess Q2Sw"]
[Site "chess.com INT"]
[Date "2022.11.12"]
[Round "5"]
[White "Mikaelyan, Arman"]
[Black "Nenezic, Marko"]
[Result "1-0"]
[WhiteTitle "GM"]
[BlackTitle "IM"]
[WhiteElo "2556"]
[BlackElo "2510"]
[WhiteFideId "13304852"]
[BlackFideId "912123"]
[EventDate "2022.11.12"]

1. d4 Nf6 2. Bg5 c5 3. Bxf6 gxf6 4. e3 f5 5. Nd2 Bg7 6. c3 d6 7. Bd3 O-O 8. Ne2
e5 9. O-O Nc6 10. Ng3 cxd4 11. cxd4 exd4 12. Bxf5 dxe3 13. fxe3 Qg5 14. Nde4
Qxe3+ 15. Kh1 Nd4 16. Bxc8 Raxc8 17. Nxd6 Rc2 18. Qg4 h6 19. Qxg7+ Kxg7 20.
Ndf5+ Kg6 21. Nxe3 Rxb2 22. Rad1 Ne6 23. Ng4 Rxa2 24. Ne5+ Kg7 25. Nh5+ Kh7 26.
Rd7 Ra5 27. Rdxf7+ Rxf7 28. Rxf7+ Kh8 29. h4 Rxe5 30. Nf6 Re2 31. Rh7# 1-0

[Event "chess.com SpeedChess Q2Sw"]
[Site "chess.com INT"]
[Date "2022.11.12"]
[Round "5"]
[White "Guzman Moneo, Alberto"]
[Black "Ozdemir, Serhan Berat"]
[Result "1-0"]
[WhiteTitle "CM"]
[BlackTitle "FM"]
[WhiteElo "2146"]
[BlackElo "2193"]
[WhiteFideId "2209616"]
[BlackFideId "6374611"]
[EventDate "2022.11.12"]

1. e4 c5 2. Nc3 e6 3. Nge2 a6 4. g3 b5 5. Bg2 Bb7 6. O-O Nf6 7. d3 Qc7 8. f4 d6
9. h3 Be7 10. g4 h6 11. Ng3 Nc6 12. a4 b4 13. Nce2 d5 14. e5 Nd7 15. c3 a5 16.
Be3 g6 17. Qd2 h5 18. d4 hxg4 19. hxg4 c4 20. f5 gxf5 21. gxf5 O-O-O 22. Nf4 Nf8
23. f6 bxc3 24. bxc3 Bb4 25. cxb4 axb4 26. a5 Ba6 27. Qa2 Rg8 28. Kf2 Nd7 29.
Rh1 Ndxe5 30. dxe5 d4 31. Bc1 Nxe5 32. Qe2 Ng4+ 33. Kg1 d3 34. Qf3 Qc5+ 35. Kf1
Rd5 36. Nxd5 Bb7 37. Ne7+ Kd8 38. Qf4 Bxg2+ 39. Kxg2 Ne5 40. Qxe5 1-0

[Event "chess.com SpeedChess Q2Sw"]
[Site "chess.com INT"]
[Date "2022.11.12"]
[Round "5"]
[White "Urazayev, Arystanbek"]
[Black "Lewtak, Damian"]
[Result "1-0"]
[WhiteTitle "IM"]
[BlackTitle "IM"]
[WhiteElo "2458"]
[BlackElo "2385"]
[WhiteFideId "13709810"]
[BlackFideId "1141724"]
[EventDate "2022.11.12"]

1. e4 c5 2. Nf3 d6 3. d4 cxd4 4. Nxd4 Nf6 5. Nc3 Nc6 6. Bc4 Qb6 7. Nb3 e6 8. Be3
Qc7 9. Qe2 a6 10. g4 b5 11. Bd3 h5 12. gxh5 Nxh5 13. O-O-O Be7 14. Kb1 Bd7 15.
f4 Nb4 16. f5 Nxd3 17. Qxd3 Qc4 18. fxe6 fxe6 19. Qd2 b4 20. Ne2 Qxe4 21. Nc5
Qc4 22. Nxd7 Kxd7 23. Bg5 Nf6 24. Bxf6 gxf6 25. Nf4 Rae8 26. Ng6 Rhg8 27. Nxe7
Rxe7 28. Qxd6+ Ke8 29. Rhg1 Rxg1 30. Rxg1 Kf7 31. Qd8 Re8 32. Qd7+ Re7 33. Qd8
Re8 34. Qd1 Qh4 35. Qd3 f5 36. h3 Kf6 37. Qd7 Rg8 38. Rc1 Qe4 39. Qh7 Rg7 40.
Qh8 Kf7 41. h4 Qg4 42. h5 Rg5 43. h6 Rh5 44. Qh7+ Kf6 45. Re1 Qe4 46. Qg7# 1-0

[Event "chess.com SpeedChess Q2Sw"]
[Site "chess.com INT"]
[Date "2022.11.12"]
[Round "5"]
[White "Baches Garcia, Guillermo"]
[Black "Gurevich, Dmitry"]
[Result "1-0"]
[WhiteTitle "IM"]
[BlackTitle "GM"]
[WhiteElo "2326"]
[BlackElo "2396"]
[WhiteFideId "2209764"]
[BlackFideId "2000407"]
[EventDate "2022.11.12"]

1. e4 c5 2. Nf3 d6 3. d4 cxd4 4. Nxd4 Nf6 5. Nc3 Nc6 6. Nd5 Nxd5 7. exd5 Qa5+ 8.
Bd2 Qxd5 9. Nb5 Qe4+ 10. Be2 Kd8 11. O-O a6 12. Nc3 Qh4 13. Be3 Be6 14. f4 g6
15. g3 Qh3 16. Bf3 h5 17. Ne4 Bg4 18. Ng5 Bxf3 19. Qxf3 Qf5 20. Rad1 Bh6 21.
Bb6+ Kc8 22. Ne4 d5 23. Nf2 e6 24. c4 d4 25. Bxd4 Nxd4 26. Rxd4 Bf8 27. Ne4 Be7
28. Rfd1 Kb8 29. Rd7 Re8 30. Nd6 Qc5+ 31. Kf1 Qc6 32. Rxb7+ 1-0

[Event "chess.com SpeedChess Q2Sw"]
[Site "chess.com INT"]
[Date "2022.11.12"]
[Round "5"]
[White "Suleymanli, Aydin"]
[Black "Kleiman, Jake"]
[Result "0-1"]
[WhiteTitle "GM"]
[BlackTitle "IM"]
[WhiteElo "2543"]
[BlackElo "2399"]
[WhiteFideId "13413937"]
[BlackFideId "2020041"]
[EventDate "2022.11.12"]

1. e4 e5 2. Nf3 Nc6 3. Bc4 Bc5 4. c3 Nf6 5. b4 Bb6 6. d3 O-O 7. a4 a5 8. b5 Ne7
9. O-O Ng6 10. Re1 h6 11. Ra2 d6 12. Nbd2 Be6 13. Ba3 Nf4 14. Nf1 Bxc4 15. dxc4
Ne6 16. Ng3 g6 17. Rd2 Qc8 18. Bc1 Kg7 19. Kh1 Nc5 20. Nh4 Qg4 21. Nhf5+ gxf5
22. f3 Qg6 23. exf5 Qh7 24. Rxd6 cxd6 25. Qxd6 Ncd7 26. Rxe5 Nxe5 27. Qxe5 Bd8
28. Nh5+ Kg8 29. Nxf6+ Bxf6 30. Qxf6 Rfe8 31. h4 0-1

[Event "chess.com SpeedChess Q2Sw"]
[Site "chess.com INT"]
[Date "2022.11.12"]
[Round "5"]
[White "Ladan, Nicholas"]
[Black "Deev, Andrei"]
[Result "0-1"]
[BlackTitle "IM"]
[WhiteElo "2091"]
[BlackElo "2390"]
[WhiteFideId "30918855"]
[BlackFideId "4102690"]
[EventDate "2022.11.12"]

1. b3 d5 2. Bb2 Nf6 3. Nf3 Nbd7 4. g3 b6 5. Bg2 Bb7 6. O-O e6 7. c4 Be7 8. cxd5
exd5 9. e3 O-O 10. Nc3 Ne4 11. Rc1 c5 12. d4 Bf6 13. Nxe4 dxe4 14. Ne5 Bxe5 15.
dxe5 Re8 16. Qh5 Qe7 17. Rfd1 g6 18. Qe2 Nxe5 19. Ba1 Rad8 20. Rxd8 Rxd8 21. Rd1
Nd3 22. Qg4 h5 23. Qe2 Ba6 24. Qc2 f6 25. h4 Kh7 26. Qc3 Rd6 27. f3 exf3 28. e4
fxg2 29. e5 Nxe5 30. Rxd6 Qxd6 31. Kxg2 Qd5+ 32. Kh3 Qh1# 0-1

[Event "chess.com SpeedChess Q2Sw"]
[Site "chess.com INT"]
[Date "2022.11.12"]
[Round "5"]
[White "Stribuk, Artiom"]
[Black "Sadovsky, Artem"]
[Result "1/2-1/2"]
[WhiteTitle "FM"]
[BlackTitle "IM"]
[WhiteElo "2312"]
[BlackElo "2276"]
[WhiteFideId "13515659"]
[BlackFideId "4155840"]
[EventDate "2022.11.12"]

1. d4 g6 2. Nf3 Bg7 3. g3 d6 4. Bg2 e5 5. c4 e4 6. Ng5 f5 7. f3 h6 8. Nh3 Nf6 9.
fxe4 fxe4 10. Nc3 O-O 11. Nf4 Qe8 12. O-O c6 13. e3 g5 14. Nfe2 d5 15. cxd5 cxd5
16. Qb3 Be6 17. Bd2 Nc6 18. h3 Na5 19. Qd1 Nc4 20. b3 Nxd2 21. Qxd2 Qd7 22. Kh2
Rf7 23. Rae1 Bf8 24. g4 Bd6+ 25. Kg1 Raf8 26. Rf2 Nxg4 27. Rxf7 Qxf7 28. Rf1
Bh2+ 29. Kh1 Qxf1+ 30. Bxf1 Rxf1+ 31. Kg2 Rf2+ 32. Kh1 Rf1+ 33. Kg2 Rf2+ 34. Kh1
Rf1+ 1/2-1/2

[Event "chess.com SpeedChess Q2Sw"]
[Site "chess.com INT"]
[Date "2022.11.12"]
[Round "5"]
[White "Wadsworth, Matthew J"]
[Black "Bouget, Alexandre"]
[Result "0-1"]
[WhiteTitle "IM"]
[BlackTitle "FM"]
[WhiteElo "2470"]
[BlackElo "2268"]
[WhiteFideId "415804"]
[BlackFideId "681318"]
[EventDate "2022.11.12"]

1. c4 e5 2. g3 Nc6 3. Nc3 Bc5 4. Bg2 d6 5. e3 a6 6. Nge2 Ba7 7. b3 h5 8. h3 h4
9. g4 f5 10. gxf5 Bxf5 11. d3 Nb4 12. e4 Be6 13. f4 Nf6 14. f5 Bf7 15. Bg5 Qd7
16. Qd2 a5 17. a3 Nc6 18. Bxf6 gxf6 19. Nd5 Bxd5 20. cxd5 Nd4 21. Nxd4 Bxd4 22.
O-O-O a4 23. b4 c6 24. Qa2 c5 25. bxc5 Bxc5 26. d4 Bxd4 27. Bf1 Ke7 28. Rh2
Rhc8+ 29. Kb1 Rc3 30. Rc2 Rb3+ 31. Kc1 Be3+ 32. Rdd2 Rc8 33. Bc4 Bxd2+ 34. Kxd2
Rxh3 35. Kc1 b5 36. Be2 Rxc2+ 37. Qxc2 Rxa3 38. Qd2 Qc7+ 39. Kb2 Rb3+ 40. Ka2
Qc3 0-1

[Event "chess.com SpeedChess Q2Sw"]
[Site "chess.com INT"]
[Date "2022.11.12"]
[Round "5"]
[White "Manukian, Artak"]
[Black "Meier, Georg"]
[Result "1/2-1/2"]
[BlackTitle "GM"]
[WhiteElo "2196"]
[BlackElo "2615"]
[WhiteFideId "13301373"]
[BlackFideId "4675789"]
[EventDate "2022.11.12"]

1. e4 e6 2. d4 d5 3. e5 c5 4. c3 Ne7 5. Nf3 Nec6 6. a3 a5 7. Be2 b6 8. O-O Be7
9. g3 Ba6 10. h4 Qc8 11. Bg5 Bxe2 12. Qxe2 Qa6 13. Qe3 Nd7 14. Nbd2 O-O 15. h5
h6 16. Bxe7 Nxe7 17. g4 Rac8 18. Rac1 a4 19. Kh2 f5 20. Qf4 fxg4 21. Qxg4 b5 22.
Rg1 Rf7 23. Rg2 Rcf8 24. Rcg1 cxd4 25. cxd4 Qc6 26. Qxg7+ Rxg7 27. Rxg7+ Kh8 28.
Rxe7 Rg8 29. Nf1 Nf8 30. Rxg8+ Kxg8 31. Ne3 Qc1 32. Kg2 Kh8 33. Nh4 Qb1 34. Ng4
Qe4+ 35. f3 Qxd4 36. Ng6+ Nxg6 37. hxg6 Qd2+ 38. Kg3 Qe1+ 39. Kg2 Qe2+ 40. Kg3
Qe1+ 41. Kg2 Qd2+ 42. Kg3 Qe1+ 1/2-1/2

[Event "chess.com SpeedChess Q2Sw"]
[Site "chess.com INT"]
[Date "2022.11.12"]
[Round "5"]
[White "Chigaev, Maksim"]
[Black "Rakhmanov, Aleksandr"]
[Result "1-0"]
[WhiteTitle "GM"]
[BlackTitle "GM"]
[WhiteElo "2632"]
[BlackElo "2630"]
[WhiteFideId "4108116"]
[BlackFideId "4173708"]
[EventDate "2022.11.12"]

1. c4 e5 2. g3 c6 3. d4 e4 4. d5 Bb4+ 5. Bd2 Qe7 6. Bg2 Bxd2+ 7. Qxd2 Nf6 8. d6
Qe5 9. Nc3 O-O 10. f4 exf3 11. Nxf3 Qc5 12. O-O-O Qxc4 13. e4 b5 14. e5 Ne4 15.
Qf4 Nf2 16. Rd4 Nd3+ 17. Rxd3 Qxd3 18. Rd1 Qg6 19. Nh4 Qe6 20. Ne4 Na6 21. Nf5
Nb4 22. b3 Nd5 23. Rxd5 cxd5 24. Nf6+ Kh8 25. Nxg7 Kxg7 26. Qg5+ Kh8 27. Qh6
Qxf6 28. Qxf8# 1-0

[Event "chess.com SpeedChess Q2Sw"]
[Site "chess.com INT"]
[Date "2022.11.12"]
[Round "5"]
[White "Tologon tegin, Semetei"]
[Black "Dudzinski, Pawel"]
[Result "0-1"]
[WhiteTitle "IM"]
[BlackTitle "FM"]
[WhiteElo "2382"]
[BlackElo "2186"]
[WhiteFideId "13800574"]
[BlackFideId "1117890"]
[EventDate "2022.11.12"]

1. d4 d5 2. c4 e6 3. Nc3 c6 4. cxd5 cxd5 5. Bf4 Bd6 6. e3 Bxf4 7. exf4 Ne7 8.
Nf3 O-O 9. Bd3 b6 10. Bxh7+ Kxh7 11. Ng5+ Kg6 12. Qg4 f5 13. Qg3 Kf6 14. O-O Rh8
15. Rfe1 Nbc6 16. Nb5 a6 17. Re5 axb5 18. Rae1 Qd6 19. Nxe6 Bxe6 20. Qg5+ Kf7
21. Rxe6 Qxe6 22. Rxe6 Kxe6 23. h4 g6 24. g4 Nxd4 25. Kg2 fxg4 26. Qxg4+ Ndf5
27. Qe2+ Kf7 28. Qxb5 Nxh4+ 29. Kf1 Rxa2 30. Qxb6 Rc8 31. Qd4 Rc1+ 32. Ke2 Rc2+
33. Kd3 Raxb2 34. Qh8 Rd2+ 35. Kc3 d4+ 36. Kc4 Rbc2+ 37. Kb4 Nhf5 38. Qh7+ Ng7
39. Qh8 d3 40. Qd8 Rd1 0-1

[Event "chess.com SpeedChess Q2Sw"]
[Site "chess.com INT"]
[Date "2022.11.12"]
[Round "5"]
[White "Ter-Sahakyan, Samvel"]
[Black "Musovic, Armin"]
[Result "1/2-1/2"]
[WhiteTitle "GM"]
[BlackTitle "FM"]
[WhiteElo "2605"]
[BlackElo "2276"]
[WhiteFideId "13302531"]
[BlackFideId "939935"]
[EventDate "2022.11.12"]

1. d4 d5 2. c4 c5 3. cxd5 e6 4. Nc3 exd5 5. Nf3 Nc6 6. dxc5 d4 7. Na4 Bxc5 8.
Nxc5 Qa5+ 9. Bd2 Qxc5 10. b4 Qb6 11. Qa4 a6 12. Ne5 Qb5 13. Qxb5 axb5 14. Nxc6
bxc6 15. e3 dxe3 16. Bxe3 Nf6 17. Be2 O-O 18. O-O Be6 19. a3 Rfe8 20. Rfc1 Bd5
21. h3 h6 22. Bf1 Nd7 23. Rd1 Nf6 24. Bd4 Ne4 25. Bb2 Bb3 26. Rd4 Rad8 27. Rc1
Rxd4 28. Bxd4 Nd2 29. Be3 Nxf1 30. Kxf1 Ra8 31. Ra1 f6 32. Ke1 Kf7 33. Kd2 Ke6
34. Kc3 Bd5 35. f3 g5 36. Bd4 Kf7 37. Kc2 Re8 38. Kd2 Bc4 39. Re1 Rxe1 40. Kxe1
f5 41. Kf2 h5 42. g4 fxg4 43. fxg4 hxg4 44. hxg4 Kg6 45. Kg3 Be2 46. Be3 Bd1 47.
Bd4 Be2 48. Be3 Bd1 49. Bd4 Be2 1/2-1/2

[Event "chess.com SpeedChess Q2Sw"]
[Site "chess.com INT"]
[Date "2022.11.12"]
[Round "5"]
[White "Pakleza, Zbigniew"]
[Black "Mezhlumyan, Vahram"]
[Result "1-0"]
[WhiteTitle "GM"]
[BlackTitle "FM"]
[WhiteElo "2496"]
[BlackElo "2208"]
[WhiteFideId "1119290"]
[BlackFideId "13302183"]
[EventDate "2022.11.12"]

1. d4 d5 2. Bf4 e6 3. e3 Bd6 4. Bg3 Bxg3 5. hxg3 Nf6 6. Nd2 Qe7 7. Ngf3 Nbd7 8.
c4 c6 9. Qc2 e5 10. cxd5 Nxd5 11. Rxh7 Rxh7 12. Qxh7 exd4 13. Nxd4 g6 14. Bc4
N5b6 15. Bb3 a5 16. Qh4 Nf6 17. a3 a4 18. Ba2 Bg4 19. Nc4 Nxc4 20. Qh8+ Qf8 21.
Qxf6 Nd6 22. f3 Bd7 23. O-O-O Qe7 24. Qh8+ Qf8 25. Qxf8+ Kxf8 26. Nxc6 Bxc6 27.
Rxd6 Ke7 28. Rd4 Rh8 29. Bd5 Rh1+ 30. Kc2 Rg1 31. Bxc6 Rxg2+ 32. Rd2 bxc6 33.
Rxg2 1-0

[Event "chess.com SpeedChess Q2Sw"]
[Site "chess.com INT"]
[Date "2022.11.12"]
[Round "5"]
[White "Grot, Blazej"]
[Black "Kukula, Pawel"]
[Result "0-1"]
[WhiteTitle "CM"]
[WhiteElo "1839"]
[BlackElo "2135"]
[WhiteFideId "21835845"]
[BlackFideId "1115081"]
[EventDate "2022.11.12"]

1. e4 Nc6 2. Nf3 d6 3. d4 Nf6 4. Nc3 Bg4 5. Be2 e6 6. h3 Bh5 7. O-O Be7 8. Be3
O-O 9. Qd2 d5 10. e5 Ne4 11. Qe1 f5 12. exf6 Bxf6 13. Rd1 Nxc3 14. Qxc3 Qd6 15.
Qd2 Be7 16. c3 Bg6 17. Bd3 Bh5 18. Be2 Rad8 19. Rfe1 h6 20. a4 Qd7 21. Ne5 Nxe5
22. dxe5 Bxe2 23. Qxe2 c5 24. Qg4 Kh7 25. h4 Rf5 26. h5 Qe8 27. Bf4 Qxh5 28.
Qxh5 Rxh5 29. Bg3 Rf5 30. Re2 Rdf8 31. Red2 g5 32. a5 h5 33. f3 Kg6 34. Ra1 a6
35. Rb1 h4 36. Bh2 Bd8 37. b4 c4 38. Kf1 Bc7 39. Kg1 Bxe5 40. Re1 Bxh2+ 41. Kxh2
Kf7 42. Rde2 Rf6 43. Re5 Rg6 44. R1e2 Re8 45. Kh3 Kf6 46. Kg4 Rg7 47. Rxd5 exd5
48. Rxe8 Rd7 49. Rf8+ Kg7 50. Rf5 d4 51. Rxg5+ Kf6 52. Rc5 d3 53. Rf5+ Ke6 54.
Rh5 d2 55. Rh6+ Kd5 56. Rh5+ Kc6 57. Rh6+ Rd6 58. Rxd6+ Kxd6 0-1

[Event "chess.com SpeedChess Q2Sw"]
[Site "chess.com INT"]
[Date "2022.11.12"]
[Round "5"]
[White "Salman, Pavel"]
[Black "Larina, Maria"]
[Result "1-0"]
[WhiteTitle "FM"]
[BlackTitle "WFM"]
[WhiteElo "2287"]
[BlackElo "1948"]
[WhiteFideId "24153753"]
[BlackFideId "24113182"]
[EventDate "2022.11.12"]

1. d4 f5 2. g3 Nf6 3. c3 e6 4. Bg2 Nc6 5. Nd2 d5 6. Nh3 g6 7. Nf4 Bg7 8. Nf3 O-O
9. h4 Qe8 10. b3 Ne4 11. Qc2 h6 12. Ba3 Nd6 13. Nd3 Rf7 14. Qc1 Ne4 15. Nfe5
Nxe5 16. Nxe5 Bxe5 17. dxe5 Kg7 18. Qe3 b6 19. c4 Bb7 20. Bxe4 fxe4 21. Rc1 c5
22. cxd5 exd5 23. Bb2 d4 24. Bxd4 cxd4 25. Qxd4 Qe6 26. e3 Rd7 27. Qa4 Qd5 28.
O-O b5 29. Qb4 a5 30. Qc3 b4 31. Qb2 Qe6 32. Rc5 Rd5 33. Rc7+ Rd7 34. Rxd7+ Qxd7
35. e6+ Kg8 36. exd7 Rd8 37. Rd1 1-0

[Event "chess.com SpeedChess Q2Sw"]
[Site "chess.com INT"]
[Date "2022.11.12"]
[Round "5"]
[White "Vifleemskaia, Svetlana"]
[Black "Manukyan, Sargis V."]
[Result "0-1"]
[WhiteTitle "WFM"]
[BlackTitle "FM"]
[WhiteElo "1947"]
[BlackElo "2253"]
[WhiteFideId "4129490"]
[BlackFideId "13303465"]
[EventDate "2022.11.12"]

1. d4 Nf6 2. c4 g6 3. Nc3 d5 4. cxd5 Nxd5 5. Bd2 Bg7 6. e4 Nxc3 7. Bxc3 O-O 8.
Qd2 c5 9. d5 e6 10. Bc4 exd5 11. Bxd5 Nc6 12. Bxg7 Kxg7 13. Qc3+ Qf6 14. Ne2
Qxc3+ 15. bxc3 Be6 16. Nf4 Bxd5 17. exd5 Rfe8+ 18. Kd2 Rad8 19. c4 Na5 20. Rhe1
Nxc4+ 21. Kc3 Nd6 22. f3 b6 23. a4 g5 24. Nd3 Nb7 25. Rad1 Kf6 26. Kc4 Rxe1 27.
Nxe1 Nd6+ 28. Kc3 Nf5 29. Nc2 a6 30. Kc4 Nd6+ 31. Kc3 b5 32. axb5 axb5 33. Ra1
b4+ 34. Kd3 b3 35. Ne3 c4+ 36. Nxc4 Nxc4 37. Kxc4 b2 38. Rb1 Rb8 39. Kc5 Ke7 40.
Kc6 Rc8+ 41. Kb5 Rc2 42. g3 Kd6 43. f4 g4 44. Kb4 Rxh2 45. Kb3 h5 0-1

[Event "chess.com SpeedChess Q2Sw"]
[Site "chess.com INT"]
[Date "2022.11.12"]
[Round "5"]
[White "Bortnyk, Olexandr"]
[Black "Swiercz, Dariusz"]
[Result "1-0"]
[WhiteTitle "GM"]
[BlackTitle "GM"]
[WhiteElo "2604"]
[BlackElo "2646"]
[WhiteFideId "14120828"]
[BlackFideId "1126881"]
[EventDate "2022.11.12"]

1. e4 e5 2. Nf3 Nc6 3. Bb5 Nf6 4. Qe2 Bc5 5. c3 O-O 6. d3 d6 7. h3 Bb6 8. Nbd2
Ne7 9. Ba4 Ng6 10. Nf1 c6 11. Be3 d5 12. O-O-O Be6 13. Kb1 Bxe3 14. Qxe3 b5 15.
Bc2 a5 16. d4 Nxe4 17. Nxe5 b4 18. f3 Nd6 19. Nd2 Qb6 20. cxb4 axb4 21. g4 Nc4
22. Ndxc4 dxc4 23. h4 b3 24. Bxg6 Rxa2 25. Be4 Qa5 26. Kc1 Ra8 27. Qc3 Qxc3+ 28.
bxc3 Re2 29. Rd2 Ra1+ 30. Kb2 Ra2+ 31. Kc1 Rexd2 32. Bb1 Rg2 33. Re1 Ra1 34.
Nxc4 Kf8 35. Nd2 Bd5 36. c4 1-0